XI phases finales France CDM 2018 - Statistiques

Statistiques générales
  • Ce quiz a été pris 21 fois
  • Le résultat moyen est 72 sur 118
Statistiques - réponses
Equipe Statut Poste Club Réponse % Correct
- Titulaire | Titulaire⚽ Attaquant Atlético Madrid Antoine Griezmann
94%
- Titulaire Gardien Tottenham Hotspur Hugo Lloris
94%
- Titulaire | Titulaire 🟨 Milieu Chelsea N'Golo Kanté
94%
- Titulaire | Titulaire⚽ Défenseur Real Madrid Raphaël Varane
94%
- Titulaire | Titulaire⚽ Défenseur FC Barcelone Samuel Umtiti
94%
- Titulaire 🟨 | Titulaire⚽ | Titulaire⚽⚽ Attaquant Paris Saint-Germain Kylian Mbappé
88%
- Titulaire | Titulaire 🟨 Attaquant Chelsea Olivier Giroud
88%
- Titulaire | Titulaire⚽ Milieu Manchester United Paul Pogba
88%
- Titulaire | Titulaire⚽🟨 Défenseur VfB Stuttgart Benjamin Pavard
82%
Demi-finale France | Finale France | Huitième de finale France | Quart de finale France - Entraineur - Didier Deschamps
82%
- Titulaire | Titulaire 🟨 Défenseur Atlético Madrid Lucas Hernandez
82%
- Titulaire | Titulaire 🟨 Milieu Juventus Turin Blaise Matuidi
76%
- Titulaire Milieu Tottenham Moussa Dembélé
76%
- Remplaçant Attaquant FC Barcelone Ousmane Dembélé
76%
- Remplaçant Milieu Séville FC Steven Nzonzi
76%
- Remplaçant | Titulaire Milieu Bayern Munich Corentin Tolisso
71%
- Titulaire Attaquant FC Barcelone Lionel Messi
71%
- Titulaire⚽ Attaquant Paris Saint-Germain Angel Di Maria
65%
- Remplaçant Attaquant Olympique de Marseille Florian Thauvin
65%
- Titulaire Milieu FC Barcelone Ivan Rakitić
65%
- Titulaire Milieu Manchester City Kevin De Bruyne
65%
- Titulaire Attaquant FC Barcelone Luis Suarez
65%
- Titulaire Milieu Real Madrid Luka Modrić
65%
- Titulaire🔴⚽ Attaquant Juventus Turin Mario Mandžukić
65%
Remplaçant Attaquant Olympique Lyonnais Nabil Fekir
65%
- Titulaire Gardien AS Monaco Danijel Subašić
59%
- Titulaire Défenseur Atlético Madrid Diego Godin
59%
- Remplaçant Attaquant Naples Dries Mertens
59%
- Titulaire 🟨 Attaquant Chelsea Eden Hazard
59%
- Titulaire Gardien Galatasaray Fernando Muslera
59%
- Titulaire Attaquant Manchester United Romelu Lukaku
59%
- Titulaire Gardien Chelsea Thibaut Courtois
59%
- Titulaire Défenseur Manchester City Vincent Kompany
59%
- Titulaire Défenseur Liverpool Dejan Lovren
53%
- Titulaire⚽ Attaquant Inter Milan Ivan Perišić
53%
- Titulaire 🟨 Défenseur Tottenham Hotspur Jan Vertonghen
53%
- Titulaire Défenseur Atlético Madrid Jose Gimenez
53%
- Titulaire Milieu Manchester United Marouane Fellaini
53%
- Titulaire 🟨 Défenseur Manchester City Nicolas Otamendi
53%
- Remplaçant⚽ Attaquant Manchester City Sergio Agüero
53%
- Titulaire 🟨 Milieu FC Barcelone Javier Mascherano
47%
- Titulaire 🟨 Défenseur Ajax Amsterdam Nicolas Tagliafico
47%
- Titulaire 🟨 Défenseur Tottenham Hotspur Toby Alderweireld
47%
- Titulaire Attaquant Eintracht Francfort Ante Rebić
41%
- Titulaire Milieu Tianjin Quanjian Axel Witsel
41%
- Titulaire Milieu Inter Milan Marcelo Brozović
41%
- Titulaire 🟨 Défenseur Manchester United Marcos Rojo
41%
Demi-finale Belgique - Entraineur - Roberto Martinez
41%
- Titulaire 🟨 Milieu Juventus Turin Rodrigo Bentancur
41%
- Remplaçant Milieu Dalian Yifang Yannick Carrasco
41%
- Titulaire 🟨 Défenseur Besiktas Domagoj Vida
35%
- Remplaçant Attaquant Borussia Dortmund Michy Batshuayi
35%
- Remplaçant Attaquant Hoffenheim Andrej Kramarić
29%
- Titulaire 🟨 Milieu Séville FC Ever Banega
29%
- Titulaire⚽ Défenseur Séville FC Gabriel Mercado
29%
- Titulaire Défenseur Sampdoria Gênes Šime Vrsaljko
29%
- Titulaire Défenseur Lazio Rome Martin Caceres
24%
- Titulaire Défenseur Genoa Diego Laxalt
18%
- Titulaire Gardien River Plate Franco Armani
18%
- Titulaire Milieu Inter Milan Matias Vecino
18%
- Titulaire Défenseur West Bromwich Albion Nacer Chadli
18%
Finale Croatie - Entraineur - Zlatko Dalić
18%
- Titulaire Attaquant Gérone Cristhian Stuani
12%
- Titulaire Milieu Boca Juniors Cristian Pavon
12%
- Remplaçant Défenseur AS Rome Federico Fazio
12%
- Titulaire Défenseur Atlético Madrid Ivan Strinić
12%
- Titulaire Milieu Sampdoria Gênes Lucas Torreira
12%
- Remplaçant Attaquant Celta Vigo Maximiliano Gomez
12%
- Titulaire Milieu Boca Juniors Nahitan Nandez
12%
- Remplaçant 🟨 Milieu Plaza Colonia Cristian Rodriguez
6%
- Titulaire Milieu River Plate Enzo Perez
6%
- Remplaçant Milieu Monterrey CF Jonathan Urretaviscaya
6%
Huitième de finale Argentine - Entraineur - Jorge Sampaoli
6%
- Remplaçant Attaquant Schalke 04 Marko Pjaca
6%
- Remplaçant Milieu Independiente Maximiliano Meza
6%
Quart de finale Uruguay - Entraineur - Oscar Tabarez
6%
Aucun quiz correspondant
Distribution des résultats
% des personnes avec chaque résultat
Percentile par nombre de réponses
Votre historique - résultats
Vous n’avez pas pris ce quiz